Un importante fallo de la Corte Suprema de la Nación. (Registro nro. 32669)

Detalles MARC
000 -LEADER
fixed length control field 00355 a2200109 4500
001 - CONTROL NUMBER
control field ART_58282
005 - DATE AND TIME OF LATEST TRANSACTION
control field 20260410162016.0
008 - FIXED-LENGTH DATA ELEMENTS--GENERAL INFORMATION
fixed length control field 260409a
100 1# - MAIN ENTRY--PERSONAL NAME
Personal name Grappasonno, Nicolás
245 10 - TITLE STATEMENT
Title Un importante fallo de la Corte Suprema de la Nación.
773 0# - HOST ITEM ENTRY
Title Temas de derecho administrativo
Related parts - Año 8, N° 4 (abr. 2023)
Record control number REV40468

No hay ítems disponibles.